000 00589nam a22002297a 4500
003 OSt
005 20140310181952.0
008 121121t xxu||||| |||| 00| 0 eng d
020 _a0553159240
050 _aPZ 7
_b.St849 1992
082 _aKF
_bSt4sv #28
100 _aStewart, Molly Mia
_93765
245 _aElizabeth Meets Her Hero /
_cMolly Mia Stewart
260 _aNew York :
_bBantam Books,
_cc1992.
300 _a73 p. :
_bill. ;
_c19 cm
541 _j1
541 _j2
541 _j3
562 _e3
650 _aFiction.
_9746
942 _2lcc
_cBK-KF
_kKF
999 _c7881
_d7881